000 00417nam a2200157Ia 4500
003 OSt
005 20230524135918.0
008 211028s2013 xx 000 0 und d
040 _cAIMIT LIBRARY
041 _aeng
100 _aAshish, K; Vijay, Deborah.
_g111851
_99160
110 _aDeborah Vijay
_99161
245 _aPotential frameworks for active TP molecules.
260 _aMangalore
_c2013
942 _2ddc
_cPRO
999 _c220243
_d220243